书目信息 |
| 题名: |
化工安全技术概论
|
|
| 作者: | 朱宝轩 主编 | |
| 分册: | ||
| 出版信息: | 北京 化学工业出版社 2005.01 |
|
| 页数: | 311页 | |
| 开本: | 21cm | |
| 丛书名: | ||
| 单 册: | ||
| 中图分类: | TQ086 | |
| 科图分类: | ||
| 主题词: | 化学工业--安全技术--职业学校--教材 | |
| 电子资源: | ||
| ISBN: | 7-5025-6317-2 | |
| 000 | 00838nam0 2200253 450 | |
| 001 | 0142659701 | |
| 005 | 20051114151848.60 | |
| 010 | @a7-5025-6317-2@dCNY19.00 | |
| 100 | @a20051019d2005 km y0chiy0120 ea | |
| 101 | 0 | @achi |
| 102 | @aCN@b110000 | |
| 105 | @aa a 000yy | |
| 200 | 1 | @a化工安全技术概论@Ahua gong an quan ji shu gai lun@f朱宝轩主编@Fzhu bao xuan zhu bian |
| 205 | @a第2版 | |
| 210 | @a北京@c化学工业出版社@d2005.01 | |
| 215 | @a311页@c图@d21cm | |
| 320 | @a有书目。 | |
| 330 | @a本书介绍了化工安全管理、化工生产防爆技术、电气及静电安全技术、工业毒物和粉尘的危害与预防、压力容器安全技术、化工安全检修等。 | |
| 333 | @a中等职业学校教材 | |
| 606 | 0 | @a化学工业@x安全技术@x职业学校@j教材 |
| 690 | @aTQ086@v4 | |
| 701 | 0 | @a朱宝轩@Azhu bao xuan@4主编 |
| 801 | 0 | @aCN@bQSSK@c20051114 |
| 905 | @a10447@dTQ086@eZ837 | |
| 化工安全技术概论/朱宝轩主编.-第2版.-北京:化学工业出版社,2005.01 |
| 311页:图;21cm |
| 使用对象:中等职业学校教材 |
| ISBN 7-5025-6317-2:CNY19.00 |
| 本书介绍了化工安全管理、化工生产防爆技术、电气及静电安全技术、工业毒物和粉尘的危害与预防、压力容器安全技术、化工安全检修等。 |
| ● |
| 相关链接 |
|
|
|
正题名:化工安全技术概论
索取号:TQ086/Z837
 
预约/预借
| 序号 | 登录号 | 条形码 | 馆藏地/架位号 | 状态 | 备注 |
| 1 | 575204 | 205752041 | 期刊室512/501自科库 139排3列3层/ [索取号:TQ086/Z837] | 在馆 | |
| 2 | 575205 | 205752050 | 自科库501/501自科库 139排3列3层/ [索取号:TQ086/Z837] | 在馆 |